1990 1356 1470 1120 1397 1827 1766 1446 1868 1281 1044 1574 1292 1247 1407 1252 1837 1896 1183 1929 1187 1644 1718 1665 1272 1479 1285 1702 1426 1753 1603 1230 1613 1747 1141 1376 1430 1282 1109 1734 1893 1699 1265 1756 1349 1525 1514 1391 1881 1923 1813 1352 1319 1391 1580 1812 1338 1651 1912 1295 1916 1211 1575 1556 1741 1478 1778 1797 1464 1527 1313 1517 1849 1255 1576 1020 1370 1921 1835 1401 1956 1128 1710 1831 1112 1217 1696 1077 1903 1304 1884 1970 1556 1198 1366 1966 1479 1054 1018 BCNSPRNW ULIB Ver.6.0+V

เปลี่ยนเป็นภาษาไทย

Change to English
 แสดงรายละเอียดบรรณานุกรม
  กลับหน้าหลัก

Brief Record : Get Marc (ISO 2709) : E-mail record : QR code < ปิดหน้าต่าง
LEADER : 00000nam 2200000uu 4500
001    13399111441
003     ULIB
008    110627s||||||||th 000 0 tha d
020    9786165010078
090    นว.^bห481ห 2554
100 0  หัสบรรณ
245 00 หนึ่งจันทร์พันราตรี/^cหัสบรรณ
250    พิมพ์ครั้งที่ 1
260    นนทบุรี :^bPrincess,^c2554
300    376 หน้า
945    ^p240^l0^i030180
995    ทศพร
999 ^a ใช้งานได้ทุกระบบ
รายการนี้ยังไม่มีแท็ก
คุณยังไม่ได้ล็อกอิน คุณสามารถมีกิจกรรมร่วมกับเว็บไซต์ได้ แต่ต้องล็อกอินก่อน ::
  ล็อกอิน

รายการสื่อสารสนเทศ

ลำดับที่ ประเภท เลขเรียก/บาร์โค้ด สถานที่ สถานะ
- ไม่พบข้อมูล -

รายการใกล้เคียง
    ผู้แต่ง [หัสบรรณ]

BibComment


ยังไม่เคยถูกคอมเมนท์

คอมเมนท์ทรัพยากรรายการนี้
  คอมเมนท์: หนึ่งจันทร์พันราต..


 Copyright 2026. Bcnsprnw @Library